000 01222nam0a2200313 4500
001 RU\NLR\BIBL_A\022308699
005 20260420013903.0
010 _a978-5-98811-693-6
_96000
021 _aRU
_bКН-П-24-041895
_9КН-П-24-4154
035 _a(NLR Aleph) 022308699
090 _a13663884
_c13663884
100 _a20240828d2024 k y0rusy50 ca
101 0 _arus
102 _aRU
105 _aa z 000yy
181 0 _ai
_baxxe
182 0 _an
200 1 _aСопроводительная терапия в онкологии
_fР. И. Абсалямов
203 _aТекст
_bвизуальный
_cнепосредственный
210 _aМосква
_cПрактическая медицина
_d2024
215 _a92 с.
_cтабл.
_d20
300 _aКн. содерж. QR - коды на доп. информ.
606 1 _aЗлокачественные опухоли
_xТерапия
_xОсложнения
_xПрофилактика
_92395637
_3RU\NLR\AUTH\6601648442
686 1 _aР562,4-5
700 1 _aАбсалямов
_bР. И.
_gРуслан Ильдарович
942 _cBOOK
980 _aNB